| 000 | 00542nam a2200229Ia 4500 | ||
|---|---|---|---|
| 008 | 210210b2014 xxu||||| |||| 00| 0 eng d | ||
| 020 | _a9780415710060 | ||
| 041 | _aeng | ||
| 082 | _a307.7 SHAT | ||
| 100 | _aSHAH (Amita) | ||
| 245 | _aTribal development in western India | ||
| 260 |
_aLondon _bRoutledge _c2014 |
||
| 300 | _axxiv,344 | ||
| 650 | _awestern | ||
| 650 | _aTribal | ||
| 650 | _aIndia | ||
| 650 | _ain | ||
| 650 | _adevelopment | ||
| 690 | _aTribal Communities | ||
| 700 | _aPATHAK (Jharna) Eds | ||
| 906 | _a068900 | ||
| 999 |
_c152971 _d152971 |
||